[Event "78th GEO-ch 2019"]
[Site "Tbilisi"]
[Date "2019.02.14"]
[Round "3.4"]
[White "Quparadze, Giga"]
[Black "Paichadze, Luka"]
[Result "1-0"]
[WhiteElo "2493"]
[BlackElo "2580"]
[Annotator "TA"]
[PlyCount "168"]
[EventDate "2019.02.06"]
[EventType "k.o."]
[EventCountry "GEO"]
[SourceTitle "playchess.com"]
[Source "ChessBase"]
[SourceQuality "1"]

{[%evp 13,168,60,67,44,33,25,61,60,68,66,69,49,68,45,31,27,57,14,79,9,45,39,52,43,48,66,56,34,58,43,57,58,41,0,48,87,79,77,100,83,277,295,336,162,179,183,187,182,173,180,177,165,302,231,307,293,335,338,329,289,285,286,271,275,303,315,374,377,367,374,369,352,447,468,470,441,556,556,536,484,493,444,587,568,575,567,548,543,589,589,575,554,617,616,596,592,552,543,539,531,495,443,547,519,551,539,631,587,491,0,608,598,576,542,516,427,493,386,501,483,683,676,701,683,697,658,676,573,1056,1007,4598,4133,2037,2429,12425,9220,29980,29981,29982,29980,29983,29984,29984,29985,29985,29986,29986,29985,29985,29986,29986,29987,29987,29988,29988,29989,29989]} 1. e4 c6 2. d4 g6 3. Nc3 d5 4. h3 Bg7 5. Nf3 Nh6 6. Bd3 O-O 7. O-O f6 8. exd5 {B15: Caro-Kann: 3 Nc3: 3...g6 and 3...dxe4 4 Nxe4 Nf6 5 Nxf6+ exf6} (8. Re1 Nf7 9. Bf1 b6 10. b3 e6 11. a4 Ba6 12. Ba3 Re8 13. Bd3 Bxd3 14. Qxd3 a5 15. Rad1 Na6 16. h4 Nb4 17. Qd2 {1-0 (69) Sanal,V (2490)-Laznicka,V (2675) Skopje 2018}) 8... cxd5 9. Ne2 Nf7 10. c4 $1 {White is slightly better.} Nc6 11. cxd5 Qxd5 12. Nc3 Qd8 13. Bc4 Na5 14. Be2 $146 ({Predecessor:} 14. Bd3 e6 15. Qe2 Re8 16. Be3 Bd7 17. Rfd1 {1-0 (44) Riegler,P (2335)-Danner,G (2440) Oberwart 1995}) 14... Bd7 15. d5 e5 (15... Rc8 $11 {remains equal.}) 16. b4 ({White should try} 16. dxe6 $1 $16 Bxe6 17. Nd4) 16... Rc8 17. Ne4 {Threatens to win with Nc5.} Nc4 18. Nc5 b6 19. Bxc4 bxc5 20. bxc5 Rxc5 21. Bb3 $36 {[%mdl 2048] White has some pressure.} Rc8 22. Ba3 Re8 23. Rc1 Qa5 24. Rxc8 $1 Rxc8 25. Be7 $1 Kh8 26. Nd2 {Hoping for d6.} Qa6 $2 {[#]} (26... Bb5 $16) 27. Ne4 $1 $18 Qb7 28. Bxf6 (28. Nc5 $142 Qb4 29. a3 (29. Nxd7 Qxe7 30. Ba4 Qa3 $11) 29... Qxa3 30. Qa1) 28... Bf5 29. Bxg7+ Kxg7 30. Ng3 Qb6 31. Re1 Qf6 32. Qe2 Re8 (32... Rc7 $142 33. h4 Qe7) 33. Qe3 Re7 34. Rc1 e4 35. Rc6 Qa1+ 36. Kh2 Qe5 37. Ra6 h5 {With the idea ...h4.} 38. h4 Nh6 {And now ...Ng4+ would win.} 39. Bd1 Bg4 {[#]} 40. Qg5 $1 Qxg5 41. hxg5 Nf7 42. d6 Re6 43. Bb3 Rxd6 44. Rxa7 Rd7 45. Rxd7 Bxd7 46. Nxe4 {[%mdl 4096] Endgame KBN-KBN} Bc6 47. f3 Ne5 48. Nc5 Kf8 49. f4 Ng4+ 50. Kg3 Ne3 51. Ne6+ Ke7 52. Nd4 Be4 53. Nf3 Nf5+ 54. Kf2 Kd6 55. Bf7 Ne7 56. Ke3 Bb1 57. Nd2 Bf5 58. Ne4+ Kc7 59. a3 Kb6 60. Kd4 Nc6+ 61. Ke3 Ne7 $1 62. g3 Kc7 63. Nc3 Kd6 64. Bc4 Kc5 65. Be2 Kd6 66. Ne4+ Kc7 (66... Kd5 $142 67. Bd3 Bh3) 67. Bd3 Kc6 68. Nf2 Be6 69. Be4+ Kb5 70. Nd3 Bf5 71. Ne5 Ka4 72. Bxf5 Nxf5+ {KN-KN} 73. Kf3 Ne7 {[#]} 74. Nxg6 $1 {[%mdl 576] Remove Defender} Nxg6 {KN-KP} 75. f5 {White mates.} Ne7 76. Kf4 Kb5 77. f6 Ng6+ 78. Kf5 h4 79. gxh4 Nxh4+ {KN-K3P} 80. Kg4 Ng6 81. Kh5 Nf4+ 82. Kh6 Kc6 83. f7 Ne6 84. g6 Kd5 {Accuracy: White = 77%, Black = 37%.} 1-0